All My Artists - Statistics

General Stats
  • This quiz has been taken 9 times
  • The average score is 202 of 743
Answer Stats
Track Name Artist Name % Correct
I'm Not In Love 10cc
100%
P.I.M.P. 50 Cent
100%
Back In Black AC/DC
100%
Dream On Aerosmith
100%
Let's Stay Together Al Green
100%
A Horse with No Name America
100%
Back To Black Amy Winehouse
100%
Dancing With Myself Billy Idol
100%
Piano Man Billy Joel
100%
For What It's Worth Buffalo Springfield
100%
You're So Vain Carly Simon
100%
It's Too Late Carole King
100%
Sunshine Of Your Love Cream
100%
Time After Time Cyndi Lauper
100%
Smoke On The Water Deep Purple
100%
Come On Eileen Dexys Midnight Runners
100%
Sultans Of Swing Dire Straits
100%
Jolene Dolly Parton
100%
The Boys Of Summer Don Henley
100%
American Pie Don McLean
100%
Son Of A Preacher Man Dusty Springfield
100%
Hotel California Eagles
100%
Circle of Life Elton John
100%
Cocaine Eric Clapton
100%
Invisible Touch Genesis
100%
Empire State Of Mind JAŸ-Z
100%
Purple Haze Jimi Hendrix
100%
Free Bird Lynyrd Skynyrd
100%
Like a Prayer Madonna
100%
Ain't No Mountain High Enough Marvin Gaye
100%
Billie Jean Michael Jackson
100%
Sweet Caroline Neil Diamond
100%
You Can Call Me Al Paul Simon
100%
Sledgehammer Peter Gabriel
100%
Purple Rain Prince
100%
Another One Bites The Dust Queen
100%
Losing My Religion R.E.M.
100%
Jessie's Girl Rick Springfield
100%
Psycho Killer Talking Heads
100%
House of the Rising Sun The Animals
100%
God Only Knows The Beach Boys
100%
Here Comes The Sun The Beatles
100%
Riders on the Storm The Doors
100%
You Really Got Me The Kinks
100%
California Dreamin' The Mamas & The Papas
100%
I'm a Believer The Monkees
100%
Every Breath You Take The Police
100%
Start Me Up The Rolling Stones
100%
Bitter Sweet Symphony The Verve
100%
Baba O'Riley The Who
100%
Africa TOTO
100%
With Or Without You U2
100%
Take On Me - MTV Unplugged a-ha
80%
School's Out Alice Cooper
80%
Fire Arthur Brown
80%
Lean on Me Bill Withers
80%
Paranoid Black Sabbath
80%
Call Me Blondie
80%
Is This Love Bob Marley & The Wailers
80%
Green Onions Booker T. & the M.G.'s
80%
I'm On Fire Bruce Springsteen
80%
Summer Of '69 Bryan Adams
80%
Wicked Game Chris Isaak
80%
Gangsta's Paradise Coolio
80%
Fortunate Son Creedence Clearwater Revival
80%
Welcome To Jamrock Damian Marley
80%
Grown Up Danny Brown
80%
Heroes David Bowie
80%
Mr. Blue Sky Electric Light Orchestra
80%
Can't Help Falling in Love Elvis Presley
80%
The Chain Fleetwood Mac
80%
I Want to Know What Love Is Foreigner
80%
My Sweet Lord George Harrison
80%
The Boss James Brown
80%
Somebody to Love Jefferson Airplane
80%
Imagine John Lennon
80%
Any Way You Want It Journey
80%
D'yer Mak'er Led Zeppelin
80%
Steal My Sunshine LEN
80%
Hallelujah Leonard Cohen
80%
What A Wonderful World Louis Armstrong
80%
Down Under Men At Work
80%
Beds Are Burning Midnight Oil
80%
Heart of Gold Neil Young
80%
The Man Who Sold The World Nirvana
80%
Straight Outta Compton N.W.A.
80%
Wonderwall Oasis
80%
Hey Ya! Outkast
80%
Band On The Run Paul McCartney
80%
When a Man Loves a Woman Percy Sledge
80%
In The Air Tonight Phil Collins
80%
A Whiter Shade Of Pale Procol Harum
80%
Creep Radiohead
80%
Come and Get Your Love Redbone
80%
Under the Bridge Red Hot Chili Peppers
80%
Mrs. Robinson - From ""The Graduate"" Soundtrack Simon & Garfunkel
80%
Stuck In The Middle With You Stealers Wheel
80%
Born To Be Wild Steppenwolf
80%
Give A Little Bit Supertramp
80%
The Weight The Band
80%
Should I Stay or Should I Go The Clash
80%
Zombie The Cranberries
80%
Listen to the Music The Doobie Brothers
80%
Long Cool Woman (In a Black Dress) The Hollies
80%
Happy Together The Turtles
80%
Seven Nation Army The White Stripes
80%
Time Of The Season The Zombies
80%
Brown Eyed Girl Van Morrison
80%
Low Rider War
80%
I Ran A Flock Of Seagulls
60%
I Never Loved A Man [The Way I Love You] Aretha Franklin
60%
Loser Beck
60%
Where Is The Love? Black Eyed Peas
60%
Song 2 Blur
60%
Knockin' On Heaven's Door Bob Dylan
60%
Going Up The Country Canned Heat
60%
Don't Dream It's Over Crowded House
60%
Insane in the Brain Cypress Hill
60%
Waves Dean Lewis
60%
Still D.R.E. Dr. Dre
60%
Hungry Like the Wolf Duran Duran
60%
Party All the Time Eddie Murphy
60%
Electric Avenue Eddy Grant
60%
Without Me Eminem
60%
Only Time Enya
60%
Pumped Up Kicks Foster The People
60%
Crazy Gnarls Barkley
60%
Somebody That I Used To Know Gotye
60%
21 Guns Green Day
60%
Cat's in the Cradle Harry Chapin
60%
The Passenger Iggy Pop
60%
Need You Tonight INXS
60%
Kozmic Blues Janis Joplin
60%
Adagio in D Minor John Murphy
60%
Hurt Johnny Cash
60%
I Am Jorja Smith
60%
POWER Kanye West
60%
HUMBLE. Kendrick Lamar
60%
Louie Louie Kingsmen
60%
Fade Into You Mazzy Star
60%
Ace of Spades Motörhead
60%
Welcome to the Black Parade My Chemical Romance
60%
N.Y. State of Mind Nas
60%
Free Me Paul Jones
60%
Black Pearl Jam
60%
Wearing the Inside Out Pink Floyd
60%
Killing In The Name Rage Against The Machine
60%
Wind Of Change Scorpions
60%
Don't You (Forget About Me) Simple Minds
60%
Gin And Juice Snoop Dogg
60%
Outshined Soundgarden
60%
Dirty Work Steely Dan
60%
Chop Suey! System Of A Down
60%
A Forest The Cure
60%
Stand Up The Prodigy
60%
I Wanna Be Your Dog The Stooges
60%
Oh! Sweet Nuthin' The Velvet Underground
60%
Hold Me Now Thompson Twins
60%
Drops of Jupiter (Tell Me) Train
60%
Wild World Yusuf / Cat Stevens
60%
Sexy Boy Air
40%
Wake Up Arcade Fire
40%
Do I Wanna Know? Arctic Monkeys
40%
Sabotage Beastie Boys
40%
Horses Chapelier Fou
40%
Work Charlotte Day Wilson
40%
The Scientist Coldplay
40%
Flava in Ya Ear Remix Craig Mack
40%
Helplessly Hoping Crosby, Stills & Nash
40%
Get Lucky (Radio Edit) Daft Punk
40%
Press Rewind Del The Funky Homosapien
40%
Mastermind Deltron 3030
40%
White Flag Dido
40%
Fooled Around And Fell In Love Elvin Bishop
40%
Walking On A Dream Empire Of The Sun
40%
Praise You Fatboy Slim
40%
The Pretender Foo Fighters
40%
Chanel Frank Ocean
40%
Ghosts of the Rail Gabriel Lewis
40%
Humility Gorillaz
40%
Sign of the Times Harry Styles
40%
It Was A Good Day Ice Cube
40%
Mother IDLES
40%
What A Feeling Irene Cara
40%
Anyone Who Knows What Love Is (Will Understand) Irma Thomas
40%
Hallelujah Jeff Buckley
40%
flight fm Joy Orbison
40%
What Goes Around.../...Comes Around (Interlude) Justin Timberlake
40%
Get Down Tonight KC & The Sunshine Band
40%
Kids In America Kim Wilde
40%
I Talk To The Wind King Crimson
40%
Shallow Lady Gaga
40%
Video Games Lana Del Rey
40%
Break Stuff Limp Bizkit
40%
Numb Linkin Park
40%
The Beautiful People Marilyn Manson
40%
The Unforgiven Metallica
40%
Float On Modest Mouse
40%
Crushed Velvet Molly Lewis
40%
Summer Wine Nancy Sinatra
40%
Hurt Nine Inch Nails
40%
Spirit in the Sky Norman Greenbaum
40%
My Girl Otis Redding
40%
Crazy Patsy Cline
40%
Cash In Cash Out Pharrell Williams
40%
Where Is My Mind? Pixies
40%
Harder Than You Think Public Enemy
40%
I Can't Stop Loving You Ray Charles
40%
Olga (1984) Rejjie Snow
40%
Oh Roy Orbison
40%
Escape (The Pina Colada Song) Rupert Holmes
40%
San Francisco (Be Sure to Wear Flowers in Your Hair) Scott McKenzie
40%
The End of the World Skeeter Davis
40%
Fox on the Run Sweet
40%
She's so High Tal Bachman
40%
Shout Tears For Fears
40%
Lonely Boy The Black Keys
40%
Anemone The Brian Jonestown Massacre
40%
Bohemian Like You The Dandy Warhols
40%
In the Morning of the Magicians The Flaming Lips
40%
You Found Me The Fray
40%
Highwayman The Highwaymen
40%
Gloria Them
40%
Nights In White Satin The Moody Blues
40%
Unchained Melody The Righteous Brothers
40%
New Slang The Shins
40%
Pray For Me The Weeknd
40%
Goin' Out West Tom Waits
40%
End Of The Line Traveling Wilburys
40%
Get It On T. Rex
40%
Potato Salad Tyler, The Creator
40%
Blister In The Sun Violent Femmes
40%
Silk Wolf Alice
40%
C.R.E.A.M. (Cash Rules Everything Around Me) Wu-Tang Clan
40%
Babushka Boi A$AP Rocky
20%
Bloody Waters Ab-Soul
20%
Brain Body Acid Dad
20%
Baby Blue Action Bronson
20%
Klutz Aesop Rock
20%
Truth Alex Ebert
20%
Breezeblocks alt-J
20%
Informal Disco Amtrac
20%
Pornstar Amy Meredith
20%
Bubblin Anderson .Paak
20%
Big Jet Plane Angus & Julia Stone
20%
#3 Aphex Twin
20%
Can I Kick It? A Tribe Called Quest
20%
Gunshowers BADBADNOTGOOD
20%
Shooting Stars Bag Raiders
20%
The Funeral Band of Horses
20%
Brain BANKS
20%
Still Riding Barry Can't Swim
20%
Myth Beach House
20%
Oats In The Water Ben Howard
20%
Opal BICEP
20%
Born to Shine Big Grams
20%
Void Loop BIRRD
20%
Colors Black Pumas
20%
Helicopter Bloc Party
20%
The Bad Touch Bloodhound Gang
20%
Cities On Flame with Rock and Roll Blue Öyster Cult
20%
All Eyes On Me Bo Burnham
20%
HDMI BONES
20%
Holocene Bon Iver
20%
Southern Sun Boy & Bear
20%
Smalltown Boy Bronski Beat
20%
Break Ya Neck Busta Rhymes
20%
Ain't No Rest for the Wicked Cage The Elephant
20%
Young Hearts Run Free Candi Staton
20%
Can't Do Without You Caribou
20%
Redbone Childish Gambino
20%
Cherry Chromatics
20%
Nothing's Gonna Hurt You Baby Cigarettes After Sex
20%
West Coast Coconut Records
20%
Khe Sanh Cold Chisel
20%
Alone Cristoph
20%
I C Light Crooked Colours
20%
Wrath Of God Crystal Castles
20%
Come On Mess Me Up Cub Sport
20%
Eagle Rock Daddy Cool
20%
9 Crimes Damien Rice
20%
Mother Danzig
20%
Gone Too Soon DARKSIDE
20%
Polaris deadmau5
20%
BDASWY Deathpact
20%
SWITCH IT UP | ZWITCH 1T UP Denzel Curry
20%
Streethawk I Destroyer
20%
Doobie Ashtray Devin The Dude
20%
Bird Sounds Didirri
20%
Everything is Perfect Die Antwoord
20%
Pogo Digitalism
20%
Let Me Clear My Throat DJ Kool
20%
Believe (triple j Like A Version) DMA'S
20%
CATFISH Doechii
20%
Hurdy Gurdy Man Donovan
20%
Hey You DOPE LEMON
20%
April Sun in Cuba Dragon
20%
Where'd All the Time Go? Dr. Dog
20%
Blue Flowers Dr. Octagon
20%
Start a Riot Duckwrth
20%
Chum Earl Sweatshirt
20%
Society Eddie Vedder
20%
Opus Eric Prydz
20%
American Boy Estelle
20%
I'd Rather Go Blind Etta James
20%
Bring Me To Life Evanescence
20%
PICK IT UP Famous Dex
20%
Hollywood Forever Cemetery Sings Father John Misty
20%
Mr. Moonshine Fat Mattress
20%
40oz. on Repeat FIDLAR
20%
Take It Off FISHER
20%
Out of My League Fitz and The Tantrums
20%
Mykonos Fleet Foxes
20%
Handlebars Flobots
20%
Never Let Me Go Florence + The Machine
20%
Drop the Game Flume
20%
Reach Out Four Tops
20%
Age Limits Francis Lung
20%
Marea (we’ve lost dancing) Fred again..
20%
Between the Buttons French 79
20%
Maggot Brain Funkadelic
20%
Time Collapse II / The 7th Terror Fuzz
20%
Pursuit Gesaffelstein
20%
Still Geto Boys
20%
I Don't Wanna Be In Love (Dance Floor Anthem) Good Charlotte
20%
Two Weeks Grizzly Bear
20%
Liquid Swords GZA
20%
Late Nights & Heartbreak Hannah Williams
20%
This Land Hans Zimmer
20%
The Bridge of Khazad Dum Howard Shore
20%
You're Gonna Say Yeah Hushpuppies
20%
Murder '93 ILL BILL
20%
Obstacle 1 Interpol
20%
Retrograde James Blake
20%
Loud Places Jamie xx
20%
Now Awake Jelly Crystal
20%
The Middle Jimmy Eat World
20%
Paper Trail$ Joey Bada$$
20%
Canon in D Johann Pachelbel
20%
Can You Feel the Love Tonight Joseph Williams
20%
nowhere josh pan
20%
Busy Earnin' Jungle
20%
Don't Let It Pass Junip
20%
D.A.N.C.E. Justice
20%
Never Miss a Beat Kaiser Chiefs
20%
The Sky Children Kaleidoscope
20%
Nightcall Kavinsky
20%
GLOWED UP KAYTRANADA
20%
Nevada Kerala Dust
20%
Day 'N' Nite (Nightmare) Kid Cudi
20%
Freeee (Ghost Town Pt. 2) KIDS SEE GHOSTS
20%
Hot Wax King Gizzard & The Lizard Wizard
20%
Blind Korn
20%
Sunday Mornin' Comin' Down Kris Kristofferson
20%
It Ain't Over 'Til It's Over Lenny Kravitz
20%
On The Level Mac DeMarco
20%
Weekend Mac Miller
20%
Beggin (original version) Madcon
20%
Dark Child Marlon Williams
20%
Blood and Thunder Mastodon
20%
How Far We've Come Matchbox Twenty
20%
Daylight Matt and Kim
20%
On the Nature of Daylight Max Richter
20%
Rapp Snitch Knishes feat. Mr. Fantastik MF DOOM
20%
Kids MGMT
20%
Paper Planes M.I.A.
20%
All That Acid Mickey Kojak
20%
Stolen Dance Milky Chance
20%
Shook Ones Mobb Deep
20%
Natural Blues Moby
20%
A New Error Moderat
20%
Home Sweet Home Mötley Crüe
20%
I Will Wait Mumford & Sons
20%
Teardrops NEIL FRANCES
20%
Into My Arms Nick Cave & The Bad Seeds
20%
Mi Mujer Nicolas Jaar
20%
You Wish Nightmares On Wax
20%
Says Nils Frahm
20%
Knees Ocean Alley
20%
Revvin' Ocean Wisdom
20%
Oldie Odd Future
20%
Dirty Paws Of Monsters and Men
20%
Shimmy Shimmy Ya Ol' Dirty Bastard
20%
Closer Oliver Henry
20%
Walk Pantera
20%
Tieduprightnow Parcels
20%
1998 (Delicious) Peace
20%
Fuck the Pain Away Peaches
20%
When I'm Small Phantogram
20%
GNT Pigs Pigs Pigs Pigs Pigs Pigs Pigs
20%
Of My Mind Pional
20%
Fuck Off Pist Idiots
20%
Embrace PNAU
20%
My Happiness Powderfinger
20%
Cornflake Psychedelic Porn Crumpets
20%
Trouble On My Mind Pusha T
20%
Goodbye Horses - Single Q Lazzarus
20%
Judge Dread Quentin Miller
20%
Sonne Rammstein
20%
Chemical Bond Rezz
20%
In Every Dream Home A Heartache Roxy Music
20%
Underwater RÜFÜS DU SOL
20%
Legend Has It Run The Jewels
20%
Berlin RY X
20%
TorcH ScHoolboy Q
20%
The Saga Shades
20%
Kiss the Sky Shawn Lee's Ping Pong Orchestra
20%
Love Tonight (Edit) Shouse
20%
Sweet Thang Shuggie Otis
20%
Buzzin' Shwayze
20%
Raining Blood Slayer
20%
Psycho slowthai
20%
Little Wing Stevie Ray Vaughan
20%
The Trip Still Corners
20%
Rawnald Gregory Erickson the Second STRFKR
20%
Subliminal Suicidal Tendencies
20%
Good Looking Suki Waterhouse
20%
Let It Happen Tame Impala
20%
Pink Moon Tash Sultana
20%
The Metal Tenacious D
20%
Running Red Lights The Avalanches
20%
Fade Out Lines The Avener
20%
I Can't Breathe Blues The Blinders
20%
The Letter The Box Tops
20%
Lower the Heavens The Donkeys
20%
Easier Said Than Done Thee Sacred Souls
20%
Martians Vs Goblins The Game
20%
Far from Any Road The Handsome Family
20%
Short Change Hero The Heavy
20%
Blood The Middle East
20%
Comfort Zone The Murlocs
20%
I Need My Girl The National
20%
Juicy The Notorious B.I.G.
20%
Don't Fight It The Panics
20%
Such Great Heights The Postal Service
20%
My People The Presets
20%
Cherry Bomb The Runaways
20%
Someday The Strokes
20%
Rock & Roll Queen The Subways
20%
On Hold The xx
20%
Them Changes Thundercat
20%
Magic Arrow Timber Timbre
20%
Another Love Tom Odell
20%
Dancing in the Moonlight Toploader
20%
Dear Mr. Fantasy Traffic
20%
Wolf Like Me TV On The Radio
20%
My Lady's On Fire Ty Segall
20%
Wave Goodbye Ty Segall Band
20%
You Keep Me Hangin' On Vanilla Fudge
20%
Worms Viagra Boys
20%
Regulate Warren G
20%
The Games You Play Wax Tailor
20%
Gimme Some Weval
20%
5 O'CLOCK Willaris. K
20%
Be About You Winston Surfshirt
20%
Civilian Wye Oak
20%
Revenge XXXTENTACION
20%
If I Got It (Your Love Brought It) Aaron Frazer
0%
Do It To It ACRAZE
0%
Your Mind Adam Beyer
0%
This Old House Is All I Have Against All Logic
0%
People Ii: The Reckoning AJJ
0%
Faded Alan Walker
0%
Seabird Alessi Brothers
0%
Down To The River To Pray Alison Krauss
0%
Khala My Friend Amanaz
0%
Goodbye Apparat
0%
Again Archive
0%
Another Weekend Ariel Pink
0%
C'Mon Wit Da Git Down Artifacts
0%
Reckoning Song (One Day) Asaf Avidan & the Mojos
0%
I Can't Shake the Stranger Out of You A. Savage
0%
Scapegoat Atmosphere
0%
The Boys Light Up Australian Crawl
0%
Aura Avoure
0%
2000 angels Ben Khan
0%
Ball and Chain Big Brother & The Holding Company
0%
I’m A Man Black Strobe
0%
On the Vista Blakroc
0%
Remember Me Blue Boy
0%
Midnight Radio Track 1 Bohren & Der Club Of Gore
0%
Gravel Borneo
0%
First Day Of My Life Bright Eyes
0%
Holding on for Life Broken Bells
0%
Dinamo Bruno Furlan
0%
Baby Please Don't Leave Me Buddy Guy
0%
Into The Wayside Part I/Sick Ceremony
0%
Changes Charles Bradley
0%
I Fall In Love Too Easily Chet Baker
0%
Beanie Chezile
0%
Farewell Rocketship Children Collide
0%
Ronda Christian Löffler
0%
Let The Drummer Kick Citizen Cope
0%
Journal of Ardency Class Actress
0%
He Had a Good Time Cliff Martinez
0%
Dream Cave Cloud Control
0%
Hoist the Colours Colm R. McGuinness
0%
Faking Jazz Together Connan Mockasin
0%
The Rhythm of the Night Corona
0%
My Baby Crocodylus
0%
Ghostride Crumb
0%
Kids Current Joys
0%
I Won't Let You Down Curtis Harding
0%
Nightcrawler CZARFACE
0%
Unshaken D'Angelo
0%
Space Hos DANGERDOOM
0%
Belize Danger Mouse
0%
Didn't I Darondo
0%
Slice of Heaven Dave Dobbyn
0%
Daylight David Kushner
0%
Cumberland Gap David Rawlings
0%
Roky Said Dead Ghosts
0%
California Über Alles Dead Kennedys
0%
I Will Follow You into the Dark Death Cab for Cutie
0%
Royalty Capes De La Soul
0%
Under Your Spell Desire
0%
One Way Trip to the Sun Ditch
0%
Nobody Speak DJ Shadow
0%
Bodies Drowning Pool
0%
Orange Evening DWIG
0%
Home Edward Sharpe & The Magnetic Zeros
0%
Funeralopolis Electric Wizard
0%
Perfect Blue Elle Valenci
0%
Paris Else
0%
L'Estasi Dell'Oro Ennio Morricone
0%
Hands Exhibitionist
0%
Soopertrack Extrawelt
0%
Don't Stop Fake A Smile
0%
If I Had A Heart Fever Ray
0%
Sun Moth Fever the Ghost
0%
New Phone Flatbush Zombies
0%
Under the Light FLEECE
0%
Late Night Foals
0%
On Blue Mountain Foxygen
0%
Neptune François Ier
0%
Going Down Freddie King
0%
Lost My Mind Froth
0%
Pussy Ain't Shit Funkdoobiest
0%
Long Flight Future Islands
0%
Coffee Cold Galt MacDermot
0%
Nature Boy Gandalf
0%
Before Sunrise Gengahr
0%
Crystallise George FitzGerald
0%
Glaciers Ghost Culture
0%
Iron Maiden Ghostface Killah
0%
Hotel California Gipsy Kings
0%
Gooey Glass Animals
0%
Digital Versicolor Glass Candy
0%
Saved GONE
0%
At the River Groove Armada
0%
Just the Two of Us Grover Washington, Jr.
0%
Light up and Live Harsh Toke
0%
Cerca De Ti Hermanos Gutiérrez
0%
Until the Rest of My Life Hidden Face
0%
Monolith Holograms
0%
Monks On the Moon Hot Lunch
0%
A Happening hyperstory
0%
Beirut Ibrahim Maalouf
0%
Daydream In Blue I Monster
0%
Flightless Bird Iron & Wine
0%
Ne me quitte pas Jacques Brel
0%
Keith Jake Chudnow
0%
For a Limited Time Only Jam Baxter
0%
Einsamer Hirte James Last
0%
Canned Heat Jamiroquai
0%
More Jan Blomqvist
0%
Far Horizons Jeremy Soule
0%
Da Bitchez Jeru The Damaja
0%
Near - Far Jesse Kendal
0%
where's the confetti? jev.
0%
Millenium Joachim Pastor
0%
HOOLIGANG Joey Valence & Brae
0%
Haze John Vella
0%
You're So Cool Jonathan Bree
0%
Everyday Normal Guy 2 Jon Lajoie
0%
Waking up Crying Jonny Telafone
0%
Stay Alive - From ""The Secret Life of Walter Mitty"" Soundtrack José González
0%
Body Julia Jacklin
0%
Club Foot Kasabian
0%
Heaven Kasper Bjørke
0%
Just Dropped In (To See What Condition My Condition Was In) Kenny Rogers
0%
Moon (And It Went Like) Kid Francescoli
0%
A grand love theme Kid Loco
0%
Jesus was Way cool King Missile
0%
I Am the Antichrist to You Kishi Bashi
0%
Sonnentanz - Sun Don't Shine Klangkarussell
0%
Jubel Klingande
0%
All I Want Kodaline
0%
Abusey Junction Kokoroko
0%
Supermoon Kosco
0%
WASTE KXLLSWXTCH
0%
Firestone Kygo
0%
Life Can Wait Larry Lovestein & The Velvet Revival
0%
Your Sweet Love Lee Hazlewood
0%
California Dreaming Lee Moses
0%
I Got Soul LeRoyce
0%
Friends levitation room
0%
Moderation Light Year
0%
Toro Liily
0%
Le départ L'Impératrice
0%
Twice Little Dragon
0%
Gorilla Little Simz
0%
Black Is Black Los Bravos
0%
Experience Ludovico Einaudi
0%
Kick Lupe Fiasco
0%
Midnight City M83
0%
Meat Grinder Madvillain
0%
Be Together Major Lazer
0%
Groovy Filth Maksim Dark
0%
Sunset Coming On Malian Musicians
0%
Uumellmahaye Manfredas
0%
Vale Maribou State
0%
Lost Arts Marlowe
0%
Teardrop Massive Attack
0%
Where Is My Mind Maxence Cyrin
0%
The Burning Fields Meatbodies
0%
Temptress Medusa
0%
There's a New Day Coming Menahan Street Band
0%
Live It Up Mental As Anything
0%
Tical Method Man
0%
Ubu Methyl Ethel
0%
The Look Metronomy
0%
5 Wagon Meyhem Lauren
0%
The Weekend Michael Gray
0%
Cold Little Heart Michael Kiwanuka
0%
Longshot (7 Nights) Miike Snow
0%
Tesselation Mild High Club
0%
Folk-Metaphysics Milo
0%
Les Fleurs Minnie Riperton
0%
I Hope You Die Molly Nilsson
0%
Ye.Death Moodie Black
0%
Ms. Fat Booty Mos Def
0%
Barn of the Naked Dead Mr. Hyde
0%
Green Fuzz Naked Giants
0%
Waves Naxatras
0%
Get It Up For Love Ned Doheny
0%
Age of Consent New Order
0%
Alter Ego NTO
0%
Tranquilizer Oliver Huntemann
0%
Gyöngyhajú lány Omega
0%
Too Much Pale
0%
Under The Magnolia Tree Pale Jay
0%
Candy Paolo Nutini
0%
Je te laisserai des mots Patrick Watson
0%
Young Folks Peter Bjorn and John
0%
Jungle Petit Biscuit
0%
The Longest Night Phil Anker
0%
Lisztomania Phoenix
0%
Man It Feels Like Space Again Pond
0%
Hey You Pony Pony Run Run
0%
Sour Times Portishead
0%
Are You Ready For Me Pretty Vicious
0%
Welcome Home Radical Face
0%
Guillotine (Swordz) Raekwon
0%
Ride the Sky Revolution Mother
0%
Waste Rhye
0%
I Wanna Know RL Grime
0%
Hate Street Dialogue Rodríguez
0%
Hey Now - When I Give You All My Lovin' Romare
0%
Bye Bye Macadam Rone
0%
Everybody Loves The Sunshine Roy Ayers Ubiquity
0%
Minds Awake Rumspringa
0%
Hold On Sam & Dave
0%
Energy Sampa the Great
0%
Time To Say Goodbye Sarah Brightman
0%
Wildfires SAULT
0%
In the Night Saun & Starr
0%
Junior Scratch Massive
0%
Trampoline SHAED
0%
ザ・ワード II SHIGEO SEKITO
0%
Apathy Shlohmo
0%
Bam Bam Sister Nancy
0%
L.S.D Skegss
0%
Requiem In D Minor Slovak Philharmonic
0%
Air Snakadaktal
0%
Blue Sunday Sniff
0%
Nothing Burns Like The Cold Snoh Aalegra
0%
Paramedic! SOB X RBE
0%
The Hunter SOFT PLAY
0%
Flickers Son Lux
0%
Red Reflection Spindrift
0%
You Are the Right One Sports
0%
The Girl From Ipanema Stan Getz
0%
Music Sounds Better With You Stardust
0%
The Finishing Stavroz
0%
Airplane Lesson Stereoclip
0%
Make Me Smile (Come up and See Me) Steve Harley
0%
Mrs Magic Strawberry Guy
0%
Freaks Surf Curse
0%
I'd Love To Change The World Ten Years After
0%
Am I Ever Gonna See Your Face Again The Angels
0%
Young Men Dead The Black Angels
0%
TERRITORY The Blaze
0%
LSD and the Search for God The Blue Angel Lounge
0%
To Build A Home The Cinematic Orchestra
0%
Pink Snow The Cribs
0%
Ugo The Dead Pirates
0%
Young Blood The Districts
0%
The Only One The Dolly Rocker Movement
0%
Lay With Me The Flying Eyes
0%
My God Has A Telephone The Flying Stars Of Brooklyn NY
0%
In This Shirt The Irrepressibles
0%
Stubborn Love The Lumineers
0%
Only You Theophilus London
0%
Carol The Peep Tempel
0%
Passin' Me By The Pharcyde
0%
Crimson & Clover The Shacks
0%
Keep On Running The Spencer Davis Group
0%
Fit but You Know It The Streets
0%
Make This Right The Toxic Avenger
0%
Sick Shit Together Pangea
0%
Leave a Light On Tom Walker
0%
Celestial Breakdown Tonebox
0%
Go Back Tony Allen
0%
Song of a Sinner Top Drawer
0%
Firestarter Torre Florim
0%
Apollo Tourist
0%
You Let My Tyres Down Tropical Fuck Storm
0%
September T.Ryan
0%
Red Shadows T.S.O.L.
0%
Phone Call Two People
0%
Drive Ukiyo
0%
Mind Flowers Ultimate Spinach
0%
I'll Cut You Down Uncle Acid & The Deadbeats
0%
Rabbit in Your Headlights UNKLE
0%
So Good at Being in Trouble Unknown Mortal Orchestra
0%
The Sky Was Pink Vessels
0%
Wait and Think Victor Ruiz
0%
Opps Vince Staples
0%
Covered in Chrome Violent Soho
0%
Alien Blues Vundabar
0%
Melted Rope Wand
0%
Green Eyes Wavves
0%
doomsday WebsterX
0%
After Laughter (Comes Tears) Wendy Rene
0%
No Woman Whitney
0%
Whole Wide World Wreckless Eric
0%
About You xxyyxx
0%
Comptine d'un autre été Yann Tiersen
0%
Miles Away Acoustic Edit Years Around The Sun
0%
Drop the Bomb YOTA : Youth of the Apocalypse
0%
DBZ Your Old Droog
0%
The Lonely Shepherd Zamfir
0%
No matching quizzes found
Score Distribution
Percent of People with Each Score
Percentile by Number Answered
Your Score History
You have not taken this quiz